[Event "LOTTO POL-ch Men 2019"]
[Site "Warsaw"]
[Date "2019.05.11"]
[Round "1.1"]
[White "Dragun, Kamil"]
[Black "Piorun, Kacper"]
[Result "1/2-1/2"]
[WhiteElo "2591"]
[BlackElo "2657"]
[Annotator "TA"]
[PlyCount "61"]
[EventDate "2019.05.11"]
[EventType "tourn"]
[EventCountry "POL"]
[SourceTitle "playchess.com"]
[Source "ChessBase"]
[SourceQuality "1"]

{[%evp 31,61,4,7,0,0,0,0,0,0,0,0,0,0,0,0,0,0,-11,-14,-15,0,0,0,0,0,0,0,0,0,0,0,0]} 1. Nf3 Nf6 2. g3 g6 3. Bg2 Bg7 4. O-O O-O 5. c4 c5 6. Nc3 d5 7. cxd5 Nxd5 8. Nxd5 Qxd5 9. d3 Nc6 10. Be3 Bd7 11. Nd4 Qd6 12. Nxc6 Bxc6 13. Bxc6 Qxc6 14. Rc1 {[%cal Ba1c1,Bc1c5,Bc5b5][%mdl 32]} Qe6 15. Rxc5 Qxa2 16. Rb5 b6 {The position is equal.} 17. Qa1 {A38: Symmetrical English vs ...g6: 4 Bg2 Bg7 5 Nf3 Nf6} Qe6 18. Qa4 Rfc8 19. Ra1 h5 20. Qb3 (20. h4 Qd7 21. Qb3 Qg4 22. Qd1 Qd7 23. Qb3 Qg4 24. Qd1 Qd7 25. Qb3 Qg4 {½-½ (25) Leko,P (2731)-Gelfand,B (2759) Sochi 2014}) 20... Qxb3 21. Rxb3 Rc2 {[#]} 22. Rxb6 $146 ({Predecessor:} 22. d4 e6 23. Kg2 Rc4 24. Rxb6 axb6 25. Rxa8+ {½-½ (46) Bindrich,F (2598)-Arnaudov,P (2429) Dresden 2014}) 22... Rxe2 23. Rb7 Rxb2 24. Rxb2 Bxb2 25. Rxa7 $11 {[%mdl 4096] Endgame KRB-KRB} Rd8 26. Rxe7 Rxd3 27. Rb7 Ba1 28. Rb1 Be5 29. Kg2 Kg7 30. Rb5 Bf6 31. h4 1/2-1/2

[Event "LOTTO POL-ch Men 2019"]
[Site "Warsaw"]
[Date "2019.05.11"]
[Round "1.2"]
[White "Gajewski, Grzegorz"]
[Black "Sadzikowski, Daniel"]
[Result "1-0"]
[WhiteElo "2613"]
[BlackElo "2522"]
[Annotator "ChessBase"]
[PlyCount "98"]
[EventDate "2019.05.11"]
[EventType "tourn"]
[EventCountry "POL"]
[SourceTitle "playchess.com"]
[Source "ChessBase"]
[SourceQuality "1"]
[TimeControl "40/5400+30:1800+30"]

1. d4 {[%emt 0:00:00]} Nf6 {[%emt 0:00:00]} 2. c4 {[%emt 0:00:00]} e6 {[%emt 0:00:00]} 3. Nc3 {[%emt 0:00:00]} d5 {[%emt 0:00:34]} 4. Bg5 {[%emt 0:00:54]} Be7 {[%emt 0:02:15]} 5. Nf3 {[%emt 0:00:31]} O-O {[%emt 0:01:58]} 6. e3 {[%emt 0:00:08]} Nbd7 {[%emt 0:00:07]} 7. Qc2 {[%emt 0:01:56]} h6 {[%emt 0:01:59]} 8. cxd5 {[%emt 0:01:23]} exd5 {[%emt 0:10:02]} 9. Bf4 {[%emt 0:00:07]} c5 {[%emt 0:04:35]} 10. Be2 {[%emt 0:01:04]} b6 {[%emt 0:03:08]} 11. O-O {[%emt 0:06:21]} Bb7 {[%emt 0:00:58]} 12. Rfd1 {[%emt 0:01:50]} Rc8 {[%emt 0:21:16]} 13. Qf5 {[%emt 0:02:24]} c4 {[%emt 0:03:09]} 14. Ne5 {[%emt 0:07:02]} Bb4 {[%emt 0:17:58]} 15. Bf3 {[%emt 0:07:02]} Bxc3 {[%emt 0:00:49]} 16. bxc3 {[%emt 0:00:10]} Qe7 {[%emt 0:02:53]} 17. a4 {[%emt 0:00:28]} Qe6 {[%emt 0:06:59]} 18. Qxe6 {[%emt 0:04:03]} fxe6 {[%emt 0:00:01]} 19. a5 {[%emt 0:06:35]} Nxe5 {[%emt 0:00:06]} 20. Bxe5 {[%emt 0:01:11]} b5 {[%emt 0:02:01]} 21. a6 {[%emt 0:01:43]} Bc6 {[%emt 0:00:02]} 22. Bd6 {[%emt 0:04:50]} Rf7 {[%emt 0:00:14]} 23. Rdb1 {[%emt 0:00:07]} g5 {[%emt 0:03:25]} 24. h3 {[%emt 0:01:02]} Ne4 {[%emt 0:04:39]} 25. Bb4 {[%emt 0:09:16]} Kg7 {[%emt 0:01:07]} 26. Rb2 {[%emt 0:02:43]} Kg6 {[%emt 0:03:10]} 27. Bg4 {[%emt 0:03:43]} Re8 {[%emt 0:00:45]} 28. Bd1 {[%emt 0:00:19]} h5 {[%emt 0:00:02]} 29. f3 {[%emt 0:04:07]} Ng3 {[%emt 0:00:23]} 30. Bc2+ {[%emt 0:00:19]} Kh6 {[%emt 0:01:20]} 31. Re1 {[%emt 0:02:39]} Rd8 {[%emt 0:03:07]} 32. Bb1 {[%emt 0:02:31]} h4 {[%emt 0:00:20]} 33. e4 {[%emt 0:00:59]} dxe4 {[%emt 0:01:58]} 34. fxe4 {[%emt 0:00:20]} Rdd7 {[%emt 0:01:07]} 35. d5 {[%emt 0:03:12]} exd5 {[%emt 0:00:01]} 36. e5 {[%emt 0:00:02]} Rd8 {[%emt 0:02:22]} 37. e6 {[%emt 0:00:27]} Re8 {[%emt 0:00:10]} 38. Rf2 {[%emt 0:06:23]} Rxf2 {[%emt 0:00:14]} 39. Kxf2 {[%emt 0:00:01]} Kg7 {[%emt 0:01:03]} 40. Bc5 {[%emt 0:00:00]} Kf6 {[%emt 0:00:00]} 41. e7 {[%emt 0:07:05]} b4 {[%emt 0:11:58]} 42. Bxa7 {[%emt 0:09:33]} bxc3 {[%emt 0:06:21]} 43. Bc5 {[%emt 0:08:46]} Nf5 {[%emt 0:02:23]} 44. a7 {[%emt 0:04:03]} Ba4 {[%emt 0:10:59]} 45. Bxf5 {[%emt 0:10:55]} Kxf5 {[%emt 0:00:02]} 46. Ke3 {[%emt 0:00:05]} Ke5 {[%emt 0:00:55]} 47. a8=Q {[%emt 0:03:37]} Rxa8 {[%emt 0:00:16]} 48. Ra1 {[%emt 0:00:04]} c2 {[%emt 0:02:01]} 49. Kd2 {[%emt 0:00:07]} c3+ {[%emt 0:00:17]} 1-0

[Event "LOTTO POL-ch Men 2019"]
[Site "Warsaw"]
[Date "2019.05.11"]
[Round "1.3"]
[White "Gumularz, Szymon"]
[Black "Heberla, Bartlomiej"]
[Result "1-0"]
[WhiteElo "2483"]
[BlackElo "2556"]
[Annotator "TA"]
[PlyCount "83"]
[EventDate "2019.05.11"]
[EventType "tourn"]
[EventCountry "POL"]
[SourceTitle "playchess.com"]
[Source "ChessBase"]
[SourceQuality "1"]

{[%evp 18,83,47,47,49,35,39,55,76,41,44,49,58,55,55,60,52,58,43,44,43,46,72,43,79,47,90,79,160,60,107,82,143,118,159,142,171,160,172,159,169,150,160,147,192,0,132,73,516,507,424,354,1016,962,1065,1078,1058,385,1954,1708,1716,1008,1434,979,29993,29994,29996,29997]} 1. e4 e5 2. Nf3 Nc6 3. Bb5 a6 4. Ba4 d6 5. O-O Bd7 6. d4 b5 7. Bb3 Nxd4 8. Nxd4 exd4 9. c3 dxc3 {[#]} 10. Qh5 $1 {[%csl Gb3][%cal Rh5f7][%mdl 512]} Qe7 {C72: Ruy Lopez: Deferred Steinitz: 5 0-0} 11. Nxc3 Nf6 12. Qf3 {[%mdl 1024] Threatens to win with e5! White has compensation.} c6 {White is slightly better.} 13. Bf4 Ng4 14. Rad1 Ne5 15. Qe3 h6 $146 ({Predecessor:} 15... Bg4 16. Rd2 Qc7 17. Qg3 Be6 18. Bxe6 fxe6 19. Bxe5 dxe5 {1-0 (51) Spraggett,K (2575)-Lejlic,S (2361) Cappelle-la-Grande 2011}) 16. Bg3 h5 17. h3 h4 18. Bh2 g5 19. f4 $36 {[%mdl 2048] White is more active.} gxf4 20. Bxf4 {aiming for Bg5.} Be6 21. Kh1 Qa7 22. Qc1 Nc4 {[#]} ({Black should try} 22... Bxb3 23. axb3 Be7) 23. Rf3 (23. Nd5 $1 $16 {[%mdl 512] Strongly threatening Qc3.} cxd5 24. exd5) 23... Qc5 24. Ne2 Rg8 (24... O-O-O $142) 25. Nd4 $16 Be7 26. Bxc4 bxc4 {[#]} 27. Be3 $1 Qe5 28. Nxc6 Qxe4 {White must now prevent ...Bxh3.} 29. Nxe7 Kxe7 30. Bf4 d5 31. Qc3 $2 ({Better is} 31. b3 $18) 31... Ke8 (31... Rxg2 $1 $11 {keeps the balance.} 32. Qa3+ Ke8 33. Kxg2 Qe2+ 34. Rf2 Qxd1) 32. Re1 (32. Rd2 $142) 32... Qg6 $2 {[%mdl 8192]} (32... d4 $16 {is a better chance.} 33. Rxe4 dxc3) 33. Rf2 $18 Rd8 34. Qa5 Qd3 $2 (34... Qf6 35. Qxa6 Rg6 36. Qc6+ Rd7) 35. Qa4+ Rd7 36. Qxa6 Rg6 {[#]} 37. Bd6 $2 (37. Bg5 $1 {[%mdl 512] Intending Qc8+ and mate.} Kf8 (37... Rxg5 38. Rxe6+) 38. Rxe6 Rxg5 39. Qc8+ {[%mdl 64] Double Attack} Kg7 40. Qxd7) 37... Qd4 $2 (37... Rxd6 38. Qxd6 Qg3) 38. Qa8+ Rd8 39. Qc6+ Rd7 40. Rfe2 Qa7 {[#]} 41. Rxe6+ $1 {[%mdl 576] Back Rank} fxe6 42. Rf1 {Accuracy: White = 62%, Black = 31%.} 1-0

[Event "LOTTO POL-ch Men 2019"]
[Site "Warsaw"]
[Date "2019.05.11"]
[Round "1.4"]
[White "Socko, Bartosz"]
[Black "Tomczak, Jacek"]
[Result "1-0"]
[WhiteElo "2627"]
[BlackElo "2631"]
[Annotator "TA"]
[PlyCount "79"]
[EventDate "2019.05.11"]
[EventType "tourn"]
[EventCountry "POL"]
[SourceTitle "playchess.com"]
[Source "ChessBase"]
[SourceQuality "1"]

{[%evp 12,79,-8,0,0,0,0,0,18,0,0,0,14,3,10,8,3,4,8,3,6,7,12,0,6,0,7,8,32,5,7,0,65,-2,76,72,72,73,66,70,140,126,154,165,172,154,399,322,325,308,308,302,323,301,310,320,317,306,313,285,295,299,286,277,266,291,331,322,790,670]} 1. d4 d5 2. Nf3 Nf6 3. g3 c5 4. Bg2 cxd4 5. O-O h6 6. Nxd4 e5 7. Nb3 Be6 {D02: 1 d4 d5 2 Nf3 sidelines, including 2...Nf6 3 g3 and 2...Nf6 3 Bf4} (7... Be7 8. c4 d4 9. e3 Nc6 10. exd4 exd4 11. N1d2 O-O 12. Nf3 d3 13. Be3 Bg4 14. h3 Bh5 15. Rc1 {½-½ (41) Papin,V (2569)-Zvjaginsev,V (2663) Olginka 2011}) 8. c4 Nc6 ({Wrong is} 8... dxc4 $2 9. Qxd8+ (9. Bxb7 Nbd7 $11) 9... Kxd8 10. Bxb7 $18) 9. cxd5 Bxd5 {The position is equal.} 10. Nc3 {[%cal Rc3d5]} Bxg2 11. Kxg2 Be7 12. Be3 O-O 13. Rc1 Rc8 $146 ({Predecessor:} 13... Qc8 14. Nd5 Qf5 15. Nxe7+ Nxe7 16. Bc5 {½-½ (75) Gyorkos,L (2435)-Zelic,M (2365) Split 1998}) 14. Qxd8 Rfxd8 15. Rfd1 Rxd1 16. Rxd1 b6 17. a3 Kf8 18. h3 Rd8 19. Rc1 Ke8 20. Nb5 Kd7 21. Rd1+ Ke8 (21... Kc8 $1 $11 22. Rxd8+ Bxd8) 22. Nc7+ $1 $14 Kf8 23. Rc1 Rd6 24. f4 Ne4 25. fxe5 Rg6 ({Black should play} 25... Nxe5 $14 26. Nb5 Rc6) 26. Bf4 Bd8 27. Nb5 Ke8 {[#]} 28. h4 $1 {[%mdl 512] aiming for h5.} Kd7 $2 (28... Nxg3 $16 29. Bxg3 Bxh4) (28... Bxh4 29. Nd6+) 29. Kf3 Nc5 30. Nxc5+ bxc5 31. Rxc5 Re6 32. Rd5+ Ke7 33. e3 Bb6 34. Nd6 Kf8 35. b4 g5 36. hxg5 hxg5 37. Bxg5 Nxe5+ 38. Ke2 Bc7 39. Nf5 Ra6 $2 {[#]} (39... f6) 40. Bd8 {Accuracy: White = 67%, Black = 53%.} 1-0

[Event "LOTTO POL-ch Men 2019"]
[Site "Warsaw"]
[Date "2019.05.11"]
[Round "1.5"]
[White "Bartel, Mateusz"]
[Black "Janik, Igor"]
[Result "1-0"]
[WhiteElo "2598"]
[BlackElo "2469"]
[Annotator "ChessBase"]
[PlyCount "43"]
[EventDate "2019.05.11"]
[EventType "tourn"]
[EventCountry "POL"]
[SourceTitle "playchess.com"]
[Source "ChessBase"]
[SourceQuality "1"]
[TimeControl "40/5400+30:1800+30"]

1. e4 {[%emt 0:00:00]} c5 {[%emt 0:00:00]} 2. Nf3 {[%emt 0:00:00]} d6 {[%emt 0:00:00]} 3. Bb5+ {[%emt 0:00:08]} Bd7 {[%emt 0:00:00]} 4. a4 {[%emt 0:01:44]} Nf6 {[%emt 0:02:28]} 5. d3 {[%emt 0:03:30]} g6 {[%emt 0:00:52]} 6. O-O {[%emt 0:00:27]} Bg7 {[%emt 0:00:11]} 7. e5 {[%emt 0:01:15]} dxe5 8. Nxe5 {[%emt 0:00:09]} O-O {[%emt 0:04:51]} 9. Nxd7 {[%emt 0:02:17]} Nfxd7 {[%emt 0:00:21]} 10. Nc3 {[%emt 0:02:40]} Ne5 {[%emt 0:04:52]} 11. f4 {[%emt 0:06:38]} a6 {[%emt 0:03:21]} 12. fxe5 {[%emt 0:01:28]} axb5 {[%emt 0:00:07]} 13. e6 {[%emt 0:04:00]} Bxc3 {[%emt 0:05:40]} 14. exf7+ {[%emt 0:15:11]} Rxf7 {[%emt 0:01:37]} 15. bxc3 {[%emt 0:00:06]} Rxf1+ {[%emt 0:04:36]} 16. Qxf1 {[%emt 0:00:11]} Rxa4 {[%emt 0:10:29]} 17. Rb1 {[%emt 0:01:02]} Qb6 {[%emt 0:19:32]} 18. Bg5 {[%emt 0:02:21]} Nc6 {[%emt 0:04:20]} 19. Qf2 {[%emt 0:10:03]} Ra8 {[%emt 0:04:19]} 20. Rf1 {[%emt 0:00:34]} Kh8 {[%emt 0:00:36]} 21. Bh6 {[%emt 0:01:49]} Rg8 {[%emt 0:00:22]} 22. Qf8 {[%emt 0:00:32]} 1-0

[Event "LOTTO POL-ch Men 2019"]
[Site "Warsaw"]
[Date "2019.05.12"]
[Round "2.1"]
[White "Piorun, Kacper"]
[Black "Janik, Igor"]
[Result "1/2-1/2"]
[WhiteElo "2657"]
[BlackElo "2469"]
[Annotator "TA"]
[PlyCount "65"]
[EventDate "2019.05.11"]
[EventType "tourn"]
[EventCountry "POL"]
[SourceTitle "playchess.com"]
[Source "ChessBase"]
[SourceQuality "1"]

{[%evp 14,65,47,33,33,40,38,37,35,35,45,47,37,23,35,26,28,6,10,0,13,14,12,0,10,11,31,31,28,22,30,27,28,28,25,0,12,0,5,4,6,13,16,6,41,0,0,0,0,0,0,0,0,0]} 1. e4 e5 2. Nf3 Nf6 3. Nxe5 d6 4. Nf3 Nxe4 5. d4 d5 6. Bd3 Nc6 7. O-O Be7 8. Nbd2 {[%cal Bb1d2,Bd2f1,Bf1e3,Be3g2,Bg2f4,Bf4d3][%mdl 32]} Nd6 {C42: Petroff Defence: 3 Nxe5 and unusual White 3rd moves} (8... Bf5 9. Re1 Nxd2 10. Qxd2 Bxd3 11. Qxd3 O-O 12. Re2 Qd7 13. Bf4 Rfe8 14. Rae1 Bf8 15. c3 Rxe2 16. Rxe2 a6 17. h3 f6 18. Nd2 Ne7 19. Nf1 {½-½ (19) Giri,A (2783)-Yu,Y (2764) St Petersburg 2018}) 9. c3 Bf5 10. Be2 O-O {White is slightly better.} 11. Re1 Bf6 $146 ({Predecessor:} 11... Re8 12. Qb3 a6 13. Qxd5 Be6 14. Qh5 g6 15. Qh6 Nf5 16. Qf4 {½-½ (56) Morales,O (2072)-Arambulo Urdaneta,H (2031) ICCF email 2016}) 12. Nf1 Ne7 13. Ne3 Be6 14. g3 c6 15. Ng2 Bg4 16. Nf4 Ng6 17. Nd3 Re8 18. Nfe5 Bxe2 (18... Bf5 {seems wilder.} 19. Ng4 h6 20. a4 a5 21. Ne3 Bh3) 19. Rxe2 Qc8 20. Nxg6 hxg6 21. Bf4 Ne4 22. f3 Ng5 23. Rxe8+ Qxe8 24. Qf1 Ne6 25. Re1 Qc8 26. Be5 b6 27. f4 Be7 28. h4 f6 29. f5 ({Inferior is} 29. Bc7 Bf8 $17) (29. Qe2 $5 {[%cal Re5f6]}) 29... gxf5 {The position is equal.} 30. Qxf5 {[#] Threatens to win with Bxf6.} Nf8 31. Qxc8 Rxc8 32. Bf4 Kf7 33. Kf2 {Accuracy: White = 81%, Black = 79%.} 1/2-1/2

[Event "LOTTO POL-ch Men 2019"]
[Site "Warsaw"]
[Date "2019.05.12"]
[Round "2.2"]
[White "Tomczak, Jacek"]
[Black "Bartel, Mateusz"]
[Result "1-0"]
[WhiteElo "2631"]
[BlackElo "2598"]
[Annotator "TA"]
[PlyCount "57"]
[EventDate "2019.05.11"]
[EventType "tourn"]
[EventCountry "POL"]
[SourceTitle "playchess.com"]
[Source "ChessBase"]
[SourceQuality "1"]

{[%evp 13,57,-2,13,22,51,12,8,7,23,10,16,13,38,14,16,2,25,21,23,-33,-28,-43,-18,-36,-6,-3,-24,0,-8,-6,-9,0,158,141,241,241,306,304,449,469,463,454,437,353,767,749]} 1. e4 e5 2. Nc3 Nf6 3. g3 Bc5 4. Bg2 Nc6 5. d3 a6 6. Nge2 d6 7. O-O Be6 8. Nd5 {C26: Vienna Game: 2...Nf6, sidelines} h6 (8... Nd4 9. Nxd4 Bxd4 10. c3 Ba7 11. d4 c6 12. Nxf6+ Qxf6 13. Be3 O-O 14. f4 exd4 15. cxd4 Rfe8 {½-½ (33) Bachmann,A (2593)-Ragger,M (2698) Berlin 2015}) 9. h3 (9. c3 $5 {[%cal Rd3d4]}) 9... Bxd5 10. exd5 {The position is equal.} Ne7 11. Kh2 Qd7 12. c4 Nf5 13. b3 $146 ({Predecessor:} 13. Nc3 O-O 14. Ne4 Nxe4 15. dxe4 {½-½ (26) Dragojlovic,A (2432)-Gozzoli,Y (2470) La Fere 2007}) 13... O-O 14. Bb2 Rfe8 15. Qd2 a5 16. g4 ({Better is} 16. Bc3 $11) 16... Nh4 $15 17. f4 Nxg2 18. Kxg2 Nxg4 (18... Bb4 $5 {[%cal Rb4d2]} 19. Qd1 c6 $11) 19. hxg4 Qxg4+ 20. Ng3 exf4 $1 21. Rxf4 Qg5 {[#] ...Re3 is the strong threat.} 22. Bc1 {Hoping for Qd1.} Bb4 $2 (22... Re3 $11 23. Qxe3 (23. Rf3 $2 Rxf3 24. Kxf3 Qf6+ {[%mdl 64] Double Attack} 25. Kg4 Qxa1 $19) 23... Bxe3 24. Bxe3 a4) 23. Qb2 ({Resist} 23. Qf2 $6 Be1 $14) 23... Be1 (23... Re5 $16) 24. Rf3 $18 Qg6 25. Be3 Bb4 (25... Bxg3 {was necessary.} 26. Rxg3 Qxg3+ {[%mdl 64] Remove Defender} 27. Kxg3 Rxe3+ 28. Kf2 Rae8) 26. a3 Bc5 27. Bxc5 dxc5 28. Kf2 {[#] And now Rg1 would win.} Qg5 $2 (28... Kh8 29. Rh1 f6) 29. Nf5 {Accuracy: White = 64%, Black = 28%.} 1-0

[Event "LOTTO POL-ch Men 2019"]
[Site "Warsaw"]
[Date "2019.05.12"]
[Round "2.3"]
[White "Heberla, Bartlomiej"]
[Black "Socko, Bartosz"]
[Result "1/2-1/2"]
[WhiteElo "2556"]
[BlackElo "2627"]
[Annotator "TA"]
[PlyCount "71"]
[EventDate "2019.05.11"]
[EventType "tourn"]
[EventCountry "POL"]
[SourceTitle "playchess.com"]
[Source "ChessBase"]
[SourceQuality "1"]

{[%evp 17,71,-5,0,1,2,5,10,-11,-7,0,0,10,95,95,93,89,85,86,88,97,96,102,131,138,135,133,137,138,128,133,249,228,206,0,0,0,0,0,0,0,0,0,0,0,0,0,0,-77,-71,-66,-63,-57,0,0,0,-83]} 1. e4 e5 2. Nf3 Nf6 3. Nxe5 d6 4. Nf3 Nxe4 5. d3 Nf6 6. d4 d5 7. Bd3 Bd6 8. O-O O-O 9. Nc3 c6 10. h3 {C01: French: Exchange Variation} h6 11. Re1 Re8 12. Ne5 Nbd7 {[%cal Rd7e5]} 13. Bf4 Qc7 {[%cal Rd7e5]} 14. Qf3 {[#]} Nf8 $146 (14... Nxe5 $11 15. dxe5 Rxe5 16. Bxe5 Bxe5) ({Predecessor:} 14... Nxe5 15. dxe5 Rxe5 16. Bxe5 Bxe5 17. Re2 Bd7 18. Rae1 {1-0 (65) Bacrot,E (2725)-Akobian,V (2647) Riadh 2017}) 15. Bxh6 $16 Bxe5 16. dxe5 $40 {[%mdl 128] White goes for the king.} Rxe5 17. Bf4 Rxe1+ 18. Rxe1 Qd8 19. Bg5 Be6 20. Ne2 Qa5 {[#]} 21. b4 $1 {[%cal Rb4a5]} Qxb4 22. c3 Qe7 23. Nf4 Re8 (23... d4 $16) 24. Nh5 N8d7 {[#]} 25. Nxg7 $2 (25. Re3 $1 $18) 25... Kxg7 $11 26. Qg3 {Threatening mate with Bxf6+.} Nh5 27. Qh4 f6 $1 28. Qxh5 {Intending Qh7+ and mate.} fxg5 29. Re3 Rg8 $1 ({But not} 29... Nf8 $2 30. Re5 $18) 30. Qg6+ Kf8 31. Qh6+ Kf7 {Threatens to win with ...Nf8.} 32. h4 (32. Qh5+ $11 {keeps the balance.} Kf8 33. Qh6+ {[%mdl 64] Double Attack} Kf7 34. Qh5+ Kg7 35. Qh7+ Kf8 36. Qh6+ {[%mdl 64] Double Attack}) 32... gxh4 $17 33. Qh5+ Kf8 {White must now prevent ...Qg7!} 34. Qh6+ Kf7 {aiming for ...Qf6.} (34... Qg7 $5 {[%cal Rg7h6]} 35. Rxe6 Qxh6 36. Rxh6 Nc5 $17) 35. Qh5+ Kf8 {...Qg7! is the strong threat.} 36. Qh6+ {Accuracy: White = 77%, Black = 67%.} 1/2-1/2

[Event "LOTTO POL-ch Men 2019"]
[Site "Warsaw"]
[Date "2019.05.12"]
[Round "2.4"]
[White "Sadzikowski, Daniel"]
[Black "Gumularz, Szymon"]
[Result "1-0"]
[WhiteElo "2522"]
[BlackElo "2483"]
[Annotator "ChessBase"]
[PlyCount "109"]
[EventDate "2019.05.11"]
[EventType "tourn"]
[EventCountry "POL"]
[SourceTitle "playchess.com"]
[Source "ChessBase"]
[SourceQuality "1"]
[TimeControl "40/5400+30:1800+30"]

1. e4 {[%emt 0:00:00]} e5 {[%emt 0:00:00]} 2. Nf3 {[%emt 0:00:00]} Nc6 {[%emt 0:00:00]} 3. Bc4 {[%emt 0:00:00]} Bc5 {[%emt 0:01:00]} 4. c3 {[%emt 0:00:59]} Nf6 {[%emt 0:00:08]} 5. d3 {[%emt 0:00:05]} d6 {[%emt 0:00:12]} 6. O-O {[%emt 0:00:12]} h6 {[%emt 0:03:37]} 7. b4 {[%emt 0:04:17]} Bb6 {[%emt 0:00:31]} 8. a4 {[%emt 0:00:06]} a5 {[%emt 0:01:38]} 9. b5 {[%emt 0:00:01]} Ne7 {[%emt 0:00:08]} 10. Re1 {[%emt 0:01:18]} O-O {[%emt 0:01:27]} 11. Nbd2 {[%emt 0:02:55]} Ng6 {[%emt 0:04:48]} 12. d4 {[%emt 0:00:47]} Re8 {[%emt 0:12:30]} 13. Qb3 {[%emt 0:22:32]} Be6 {[%emt 0:04:44]} 14. Bxe6 {[%emt 0:03:04]} Rxe6 {[%emt 0:00:22]} 15. d5 {[%emt 0:02:41]} Re8 {[%emt 0:01:23]} 16. Nc4 {[%emt 0:00:05]} Bc5 {[%emt 0:03:37]} 17. b6 {[%emt 0:01:27]} cxb6 {[%emt 0:11:15]} 18. Ba3 {[%emt 0:01:22]} Qc7 {[%emt 0:04:10]} 19. Bxc5 {[%emt 0:05:40]} Qxc5 {[%emt 0:05:57]} 20. Nfd2 {[%emt 0:02:46]} Ra6 {[%emt 0:23:44]} 21. Qa3 {[%emt 0:02:36]} Qxa3 {[%emt 0:06:19]} 22. Rxa3 {[%emt 0:00:22]} Rd8 {[%emt 0:00:15]} 23. Rb1 {[%emt 0:15:36]} Nf4 {[%emt 0:00:38]} 24. f3 {[%emt 0:03:59]} Kf8 {[%emt 0:05:02]} 25. Kf2 {[%emt 0:00:52]} Ke7 {[%emt 0:00:58]} 26. Nxb6 {[%emt 0:04:18]} Nd3+ {[%emt 0:04:48]} 27. Ke3 {[%emt 0:00:16]} Nc5 {[%emt 0:00:04]} 28. Rb5 {[%emt 0:01:07]} Nfd7 {[%emt 0:01:06]} 29. Nxd7 {[%emt 0:00:33]} Kxd7 {[%emt 0:01:14]} 30. Nb3 {[%emt 0:04:46]} b6 {[%emt 0:00:27]} 31. Nxc5+ {[%emt 0:00:04]} dxc5 {[%emt 0:00:39]} 32. c4 {[%emt 0:03:45]} Kc7 {[%emt 0:00:35]} 33. Rb2 {[%emt 0:00:12]} Raa8 {[%emt 0:01:24]} 34. g3 {[%emt 0:00:02]} Rd6 {[%emt 0:00:17]} 35. f4 {[%emt 0:01:27]} Re8 {[%emt 0:00:41]} 36. Rf2 {[%emt 0:02:38]} f6 {[%emt 0:00:25]} 37. f5 {[%emt 0:07:30]} Rh8 {[%emt 0:01:29]} 38. Rb3 {[%emt 0:00:11]} Rdd8 {[%emt 0:00:16]} 39. Kf3 {[%emt 0:00:11]} Rd6 {[%emt 0:00:59]} 40. Rfb2 {[%emt 0:00:00]} Rh7 {[%emt 0:00:00]} 41. Rb1 {[%emt 0:01:55]} h5 {[%emt 0:06:34]} 42. h4 {[%emt 0:02:03]} Rh8 {[%emt 0:01:18]} 43. g4 {[%emt 0:02:04]} hxg4+ {[%emt 0:00:33]} 44. Kxg4 {[%emt 0:00:01]} Rh6 {[%emt 0:01:59]} 45. h5 {[%emt 0:02:20]} Rh8 {[%emt 0:00:19]} 46. Kh4 {[%emt 0:01:48]} Rh7 {[%emt 0:00:06]} 47. Rb5 {[%emt 0:08:07]} Rh8 {[%emt 0:00:25]} 48. R5b3 {[%emt 0:02:46]} Rh7 {[%emt 0:00:09]} 49. Rg3 {[%emt 0:02:19]} Rd7 {[%emt 0:04:36]} 50. Rg6 {[%emt 0:01:36]} Rf7 {[%emt 0:01:29]} 51. h6 {[%emt 0:03:50]} Rh8 {[%emt 0:04:17]} 52. Kh5 {[%emt 0:00:42]} gxh6 {[%emt 0:00:16]} 53. Rbg1 {[%emt 0:00:36]} Kd6 {[%emt 0:00:19]} 54. Rg8 {[%emt 0:02:32]} Rhh7 {[%emt 0:01:44]} 55. R1g6 {[%emt 0:01:12]} 1-0

[Event "LOTTO POL-ch Men 2019"]
[Site "Warsaw"]
[Date "2019.05.12"]
[Round "2.5"]
[White "Dragun, Kamil"]
[Black "Gajewski, Grzegorz"]
[Result "1-0"]
[WhiteElo "2591"]
[BlackElo "2613"]
[Annotator "TA"]
[PlyCount "141"]
[EventDate "2019.05.11"]
[EventType "tourn"]
[EventCountry "POL"]
[SourceTitle "playchess.com"]
[Source "ChessBase"]
[SourceQuality "1"]

{[%evp 9,141,6,14,8,3,0,7,15,11,0,8,5,5,0,18,8,3,2,11,4,53,32,54,62,78,44,47,42,37,37,52,54,41,50,63,54,43,52,60,43,60,47,173,172,272,270,282,290,314,314,314,314,314,314,314,314,314,314,314,314,382,382,382,382,375,370,357,357,356,352,341,341,312,278,1103,1039,12808,12827,12837,12839,12837,12844,12833,12845,6773,29944,29940,29945,29943,29947,29943,29946,29951,29947,29952,29950,12844,12826,12791,10234,4082,1239,29961,29957,29973,29974,29974,29971,29975,29973,29969,29970,29970,29971,29973,29974,29978,29978,29976,29972,29972,29973,29988,29973,29970,1289,966,870,29991,29992,29992,29993,29993,29985]} 1. e4 c5 2. Nf3 d6 3. d4 cxd4 4. Qxd4 Nc6 5. Qe3 g6 6. Be2 {B53: Sicilian: 2...d6: Lines with Qxd4} Bg7 7. O-O Nf6 8. Rd1 {The position is equal.} O-O 9. h3 Be6 10. Nc3 Rc8 11. a3 $146 ({Predecessor:} 11. Rb1 Qc7 12. a3 a6 {½-½ (21) Demchenko,A (2679)-Volokitin,A (2634) Germany 2019}) 11... Qa5 12. Rb1 Ne5 13. Nxe5 Qxe5 14. f4 Qc5 15. Qxc5 dxc5 16. Be3 $36 {[%mdl 2048] White has some pressure.} Nd7 17. Nd5 Bxd5 18. Rxd5 Nf6 19. Rxc5 Nxe4 20. Rxc8 Rxc8 21. Bxa7 Nd2 22. Rd1 Rxc2 23. Be3 Nb3 $1 24. Rd8+ Bf8 25. Bf3 Kg7 (25... Rxb2 $14 26. Bxb7 Re2) 26. Rb8 $18 ({Don't do} 26. Bxb7 $6 e6 $14) 26... Rxb2 (26... f6 $142 27. a4 (27. Rxb7 Na5 $16) (27. Bxb7 Na5 $16) 27... Na5) 27. Rxb7 e6 28. a4 Rb1+ 29. Kf2 Rb2+ 30. Kg3 {[#] Hoping for Bd1.} Ra2 31. Rxb3 Rxa4 32. Bc6 Ra3 33. Rxa3 Bxa3 34. Bd4+ f6 35. Kf3 Kf7 36. Ba4 Ke7 37. Bb3 Bd6 38. Ke4 Bc7 39. Bc5+ Kf7 40. Be3 f5+ 41. Kf3 h5 $2 (41... Bd8 42. g3 h6) 42. Bd4 Bd6 43. Be5 Be7 44. Ke3 Bc5+ 45. Kd3 Ke7 46. Kc4 Bf2 47. Kb5 (47. Kb4 $18 Be3 48. Kb5) 47... Kd7 48. Ba4 Be3 49. Ka6+ Ke7 50. Kb7 Bd2 51. Kc6 Bb4 52. Bb3 Ba3 53. Bd4 Bc1 54. Bc5+ Kf6 55. Bd6 (55. Kd7 $142 Bxf4 56. Be7+ Kf7 57. Bxe6+ Kg7 58. Bd5) 55... Bb2 56. Kd7 e5 57. fxe5+ Bxe5 58. Be7+ Kg7 59. Ke6 Bc3 60. Ba4 Bd4 61. Be8 Bc3 62. Bd6 Ba5 63. Be5+ Kh7 64. Bf6 Bb6 65. Kf7 Bc5 66. Bb5 Bd6 67. Bg7 (67. h4 $142 Bf4 68. Bg5 Be5 69. Be8 Bc7 70. Kf6 Bd8+ 71. Ke6 Bb6 72. g3) 67... Bg3 68. Bd3 Bf4 {[#]} 69. g4 $1 {White mates.} hxg4 (69... fxg4 70. Bxg6#) 70. hxg4 Bh6 71. Bf6 {Played: Bg7xh6} 1-0